¿En qué sentido se dice ciudadanía de mujeres?. Sobre las paradojas de la abstracción del cuerpo real y el derecho a decidir /
Zapisane w:
| 1. autor: | |
|---|---|
| Format: | Texto |
| Język: | Spanish |
| Wydane: |
Buenos Aires:
CLACSO
|
| Etykiety: |
Dodaj etykietę
Nie ma etykietki, Dołącz pierwszą etykiete!
|
MARC
| LEADER | 00000 a a2200000 04500 | ||
|---|---|---|---|
| 001 | 37296 | ||
| 003 | cru CIDCACS/IIS | ||
| 005 | 20170420110354.0 | ||
| 008 | 170420b xxu||||| |||| 00| 0 spa d | ||
| 020 | |a 978-987-1183-75-3 | ||
| 040 | |c CIDCACS/IIS | ||
| 090 | |a 04.04.02 H867f | ||
| 100 | 1 | |a Ciriza, Alejandra |9 4237 | |
| 245 | |a ¿En qué sentido se dice ciudadanía de mujeres?. |b Sobre las paradojas de la abstracción del cuerpo real y el derecho a decidir / |c Alejandra Ciriza | ||
| 260 | |a Buenos Aires: |b CLACSO | ||
| 300 | |a páginas 293-319 | ||
| 942 | |2 ddc |c LI | ||
| 773 | 0 | |0 375 |9 644 |a Hoyos Vázquez, Guillermo |d Buenos Aires: CLACSO |o 04803 |t Filosofía y teorías políticas entre la crítica y la utopía / |w (cru CIDCACS/IIS)37292 |x 978-987-1183-75-3 |z 978-987-1183-75-3 | |
| 999 | |c 16483 |d 16483 | ||



